Länder, die 2 oder mehr Bärenarten haben - Statistiken

Allgemein
  • Dieses Quiz wurde 275 mal gespielt
  • Das Durchschnittsergebnis liegt bei 8 aus 12
Antwortstatistiken
Bären Land % Korrekt
Eisbär Kanada
99%
Braunbär Vereinigte Staaten
98%
Russland
97%
Große Panda China
96%
Malaienbär Indien
78%
Amerikanischer Schwarzbär Norwegen
72%
Japan
64%
Pakistan
47%
Kragenbär Iran
40%
Lippenbär Afghanistan
38%
Nordkorea
29%
Bangladesch
26%
Keine übereinstimmenden Quizze gefunden
Verteilung der Resultate
Anzahl Personen mit jedem Resultat
Perzentil nach korrekt beantworteten Fragen
Ihre Resultats-Entwicklung
Sie haben dieses Quiz noch nicht gespielt